000 00925cab a2200253 4500
001 ABS53398
008 090401t1995 xxu||||| |||| 00| 0 eng d
035 _a(Sirsi) u3924
041 _aeng
100 _aLewsley, C.
245 _aCompensation for steel business
260 _c1995
350 _a0
490 _aRating & Valuation Reporter
_v1995 RVR 115-117(3)
520 _aDiscusses Privy Council`s decision "Director of Buildings and Lands v Shun Fung Ironworks Ltd 1995 (Abstract52482) outlining the principles of fair and adequate compensation in instances of compulsory purchase.
650 _aBLIGHT
650 _aCOMPENSATION
650 _aCompulsory purchase
_96228
650 _aDIRECTOR OF BUILDING & SHUN FUNG IRONWORK LTD
650 _aRELOCATION
690 _aENVIRONMENTAL AND LAND CONSULTANCY-PLANNING AND DEVELOPMENT-COMPULSORY PURCHASE AND COMPENSATION
942 _n0
948 _c04/03/1997
999 _c2363
_d2363